[Event "BL 2018-19"]
[Site "Berlin"]
[Date "2019.03.01"]
[Round "9.15"]
[White "Naumann, Alexander"]
[Black "Stark, Lars"]
[Result "1-0"]
[WhiteElo "2532"]
[BlackElo "2359"]
[Annotator "ChessBase"]
[PlyCount "78"]
[EventDate "2018.11.10"]
[EventType "team-tourn"]
[EventCountry "GER"]
[SourceTitle "playchess.com"]
[Source "ChessBase"]
[SourceQuality "1"]
[WhiteTeam "Solingen"]
[BlackTeam "Duesseldorf"]
[TimeControl "40/6000+30:3000+30"]

1. e4 {[%emt 0:00:00]} e5 {[%emt 0:00:00]} 2. Nf3 {[%emt 0:00:00]} Nf6 {[%emt 0:00:00]} 3. Nxe5 {[%emt 0:00:09]} d6 {[%emt 0:00:14]} 4. Nc4 {[%emt 0:00:20]} Nxe4 {[%emt 0:00:08]} 5. Qe2 {[%emt 0:00:12]} Qe7 {[%emt 0:00:09]} 6. Ne3 {[%emt 0:00:09]} Be6 {[%emt 0:02:57]} 7. c4 {[%emt 0:01:18]} Nc6 {[%emt 0:02:46]} 8. Nc3 {[%emt 0:02:39]} Nxc3 {[%emt 0:05:02]} 9. bxc3 {[%emt 0:02:08]} g6 {[%emt 0:08:47]} 10. d4 {[%emt 0:13:22]} Bg7 {[%emt 0:00:11]} 11. Rb1 {[%emt 0:04:40]} Na5 {[%emt 0:02:00]} 12. Nd5 {[%emt 0:09:03]} Bxd5 {[%emt 0:04:31]} 13. cxd5 {[%emt 0:00:23]} Qxe2+ {[%emt 0:17:05]} 14. Bxe2 {[%emt 0:00:40]} O-O {[%emt 0:01:51]} 15. Be3 {[%emt 0:03:09]} h5 {[%emt 0:08:34]} 16. h3 {[%emt 0:12:10]} f5 {[%emt 0:04:42]} 17. g4 {[%emt 0:04:15]} hxg4 {[%emt 0:04:07]} 18. hxg4 {[%emt 0:00:15]} f4 {[%emt 0:02:54]} 19. Bd2 {[%emt 0:00:32]} g5 {[%emt 0:15:56]} 20. Rh5 {[%emt 0:05:58]} Bf6 {[%emt 0:01:03]} 21. Bd3 {[%emt 0:00:21]} Kf7 {[%emt 0:02:38]} 22. Ke2 {[%emt 0:11:59]} Rh8 {[%emt 0:03:20]} 23. Kf3 {[%emt 0:03:29]} b6 {[%emt 0:02:53]} 24. Ke4 {[%emt 0:08:29]} Kg6 {[%emt 0:02:13]} 25. Rbh1 {[%emt 0:03:57]} Rae8+ {[%emt 0:01:36]} 26. Kf3+ {[%emt 0:00:04]} Kf7 {[%emt 0:00:05]} 27. Bb5 {[%emt 0:07:04]} Rd8 {[%emt 0:02:51]} 28. Re1 {[%emt 0:00:24]} Ra8 {[%emt 0:00:43]} 29. Re6 {[%emt 0:04:28]} Raf8 {[%emt 0:08:46]} 30. Ke4 {[%emt 0:01:43]} Bd8 {[%emt 0:01:56]} 31. c4 {[%emt 0:03:22]} c6 {[%emt 0:01:52]} 32. Ba6 {[%emt 0:01:28]} Be7 {[%emt 0:03:06]} 33. Bb4 {[%emt 0:02:37]} Rxh5 {[%emt 0:00:56]} 34. gxh5 {[%emt 0:00:03]} cxd5+ {[%emt 0:00:30]} 35. cxd5 {[%emt 0:00:51]} Rd8 {[%emt 0:00:28]} 36. Kf5 {[%emt 0:01:20]} g4 {[%emt 0:00:16]} 37. Kxg4 {[%emt 0:01:18]} Nc6 {[%emt 0:00:21]} 38. dxc6 {[%emt 0:00:35]} Kxe6 {[%emt 0:00:07]} 39. d5+ {[%emt 0:02:14]} Kxd5 1-0

[Event "BL 2018-19"]
[Site "Berlin"]
[Date "2019.03.01"]
[Round "9.15"]
[White "Markgraf, Alexander"]
[Black "Van Osch, Mees"]
[Result "1/2-1/2"]
[WhiteElo "2489"]
[BlackElo "2296"]
[Annotator "ChessBase"]
[PlyCount "58"]
[EventDate "2018.11.10"]
[EventType "team-tourn"]
[EventCountry "GER"]
[SourceTitle "playchess.com"]
[Source "ChessBase"]
[SourceQuality "1"]
[WhiteTeam "Werder Bremen"]
[BlackTeam "Muelheim"]
[TimeControl "40/6000+30:3000+30"]

1. e4 {[%emt 0:00:00]} e6 {[%emt 0:00:00]} 2. d4 {[%emt 0:00:00]} d5 {[%emt 0:00:00]} 3. Nc3 {[%emt 0:00:00]} Nf6 {[%emt 0:00:00]} 4. e5 {[%emt 0:00:00]} Nfd7 {[%emt 0:00:00]} 5. f4 {[%emt 0:00:07]} c5 {[%emt 0:00:00]} 6. Nf3 {[%emt 0:00:09]} Nc6 {[%emt 0:00:05]} 7. Be3 {[%emt 0:00:09]} cxd4 {[%emt 0:00:05]} 8. Nxd4 {[%emt 0:00:06]} Qb6 {[%emt 0:00:05]} 9. Be2 {[%emt 0:02:17]} Bc5 {[%emt 0:03:37]} 10. Na4 {[%emt 0:01:34]} Qa5+ {[%emt 0:00:14]} 11. c3 {[%emt 0:00:33]} Nxd4 {[%emt 0:04:52]} 12. Bxd4 {[%emt 0:04:33]} Bxd4 {[%emt 0:00:07]} 13. Qxd4 {[%emt 0:00:05]} b6 {[%emt 0:00:17]} 14. Bd1 {[%emt 0:04:08]} b5 {[%emt 0:08:05]} 15. Nc5 {[%emt 0:05:43]} Nxc5 {[%emt 0:03:22]} 16. Qxc5 {[%emt 0:00:07]} Bd7 {[%emt 0:00:08]} 17. Bb3 {[%emt 0:21:22]} Rc8 {[%emt 0:00:53]} 18. Qd4 {[%emt 0:00:38]} Qc7 {[%emt 0:03:15]} 19. O-O {[%emt 0:23:28]} O-O {[%emt 0:11:37]} 20. Rad1 {[%emt 0:06:41]} a5 {[%emt 0:03:32]} 21. a3 {[%emt 0:07:30]} Rb8 {[%emt 0:05:57]} 22. f5 {[%emt 0:15:15]} exf5 {[%emt 0:01:08]} 23. Bxd5 {[%emt 0:00:10]} Rbd8 {[%emt 0:02:23]} 24. Qf4 {[%emt 0:04:53]} Bc8 {[%emt 0:15:24]} 25. Kh1 {[%emt 0:01:33]} Qc5 {[%emt 0:13:41]} 26. Bb3 {[%emt 0:01:18]} Be6 {[%emt 0:00:57]} 27. Bc2 {[%emt 0:03:24]} g6 {[%emt 0:02:35]} 28. Rxd8 {[%emt 0:03:58]} Rxd8 {[%emt 0:00:06]} 29. Rd1 {[%emt 0:00:03]} Rd5 {[%emt 0:03:41]} 1/2-1/2

[Event "BL 2018-19"]
[Site "Berlin"]
[Date "2019.03.01"]
[Round "9.16"]
[White "Buckels, Valentin"]
[Black "Grigorian, Spartak"]
[Result "1-0"]
[WhiteElo "2427"]
[BlackElo "2391"]
[Annotator "NA"]
[PlyCount "93"]
[EventDate "2018.11.10"]
[EventType "team-tourn"]
[EventCountry "GER"]
[SourceTitle "playchess.com"]
[Source "ChessBase"]
[SourceQuality "1"]
[WhiteTeam "Muelheim"]
[BlackTeam "Werder Bremen"]
[TimeControl "40/6000+30:3000+30"]

1. d4 {[%emt 0:00:00]} Nf6 {[%emt 0:00:00]} 2. c4 {[%emt 0:00:00]} e6 {[%emt 0:00:00]} 3. g3 {[%emt 0:00:35]} d5 {[%emt 0:00:10]} 4. Nf3 {[%emt 0:00:06]} dxc4 {[%emt 0:00:12]} 5. Bg2 {[%emt 0:00:40]} a6 {[%emt 0:00:13]} 6. O-O {[%emt 0:00:32]} Nc6 {[%emt 0:00:05]} 7. e3 {[%emt 0:00:28]} Bd7 {[%emt 0:00:15]} 8. Qe2 {[%emt 0:01:41]} Bd6 {[%emt 0:00:30]} 9. Qxc4 {[%emt 0:01:13]} O-O {[%emt 0:00:28]} 10. Rd1 {[%emt 0:05:06]} Rb8 {[%emt 0:00:53]} 11. b3 {[%emt 0:11:04]} e5 {[%emt 0:00:13]} 12. dxe5 {[%emt 0:04:10]} Nxe5 {[%emt 0:01:33]} 13. Qc2 {[%emt 0:00:41]} Nxf3+ {[%emt 0:46:53]} 14. Bxf3 {[%emt 0:00:07]} Be5 {[%emt 0:00:05]} 15. Bb2 {[%emt 0:09:09]} Bxb2 {[%emt 0:06:27]} 16. Qxb2 {[%emt 0:00:05]} Qe7 {[%emt 0:01:07]} 17. Nd2 {[%emt 0:06:40]} Bg4 {[%emt 0:10:33]} 18. Rac1 {[%emt 0:04:15]} Rbd8 {[%emt 0:00:52]} 19. Bxg4 {[%emt 0:11:22]} Nxg4 {[%emt 0:00:08]} 20. Nc4 {[%emt 0:00:23]} h5 {[%emt 0:05:21]} 21. h3 {[%emt 0:05:54]} Nf6 {[%emt 0:00:07]} 22. Qe5 {[%emt 0:00:32]} Qxe5 {[%emt 0:03:39]} 23. Nxe5 {[%emt 0:00:02]} Rxd1+ {[%emt 0:00:42]} 24. Rxd1 {[%emt 0:00:03]} Re8 {[%emt 0:00:46]} 25. Nc4 {[%emt 0:10:42]} b6 {[%emt 0:01:40]} 26. Kg2 {[%emt 0:01:07]} Kf8 {[%emt 0:02:03]} 27. f4 {[%emt 0:01:31]} Re6 {[%emt 0:14:50]} 28. Kf3 {[%emt 0:01:19]} Rc6 {[%emt 0:00:49]} 29. Rd2 {[%emt 0:05:20]} Ke8 {[%emt 0:03:28]} 30. Ne5 {[%emt 0:01:17]} Rc1 {[%emt 0:00:48]} 31. g4 {[%emt 0:03:20]} Rf1+ {[%emt 0:04:41]} 32. Kg2 {[%emt 0:04:58]} Rc1 {[%emt 0:00:02]} 33. Rd4 {[%emt 0:03:58]} Rc2+ {[%emt 0:01:51]} 34. Kf3 {[%emt 0:00:32]} hxg4+ {[%emt 0:03:23]} 35. hxg4 {[%emt 0:00:10]} g6 {[%emt 0:01:03]} 36. g5 {[%emt 0:04:23]} Nh5 {[%emt 0:00:00]} 37. Rd7 {[%emt 0:06:53]} Rc5 {[%emt 0:00:38]} 38. Rd2 {[%emt 0:00:18]} a5 {[%emt 0:00:51]} 39. Kg4 {[%emt 0:01:43]} Rc3 {[%emt 0:00:48]} 40. f5 {[%emt 0:02:19]} Rc5 {[%emt 0:01:16]} 41. fxg6 {[%emt 0:54:04]} fxg6 {[%emt 0:15:31]} 42. Nxg6 {[%emt 0:00:00]} Ng3 {[%emt 0:00:21]} 43. Rd4 {[%emt 0:00:00]} Ne2 {[%emt 0:01:06]} 44. Re4+ {[%emt 0:00:00]} Kf7 {[%emt 0:00:42]} 45. Ne5+ {[%emt 0:00:00]} Kg8 {[%emt 0:01:41]} 46. Nd7 {[%emt 0:00:00]} Rc1 {[%emt 0:00:11]} 47. Re7 {[%emt 0:00:00]} 1-0

[Event "BL 2018-19"]
[Site "Berlin"]
[Date "2019.03.01"]
[Round "9.16"]
[White "Coenen, Michael"]
[Black "Wegerle, Joerg"]
[Result "1/2-1/2"]
[WhiteElo "2364"]
[BlackElo "2409"]
[Annotator "NA"]
[PlyCount "89"]
[EventDate "2018.11.10"]
[EventType "team-tourn"]
[EventCountry "GER"]
[SourceTitle "playchess.com"]
[Source "ChessBase"]
[SourceQuality "1"]
[WhiteTeam "Duesseldorf"]
[BlackTeam "Solingen"]
[TimeControl "40/6000+30:3000+30"]

1. d4 {[%emt 0:00:00]} d5 {[%emt 0:00:00]} 2. c4 {[%emt 0:00:00]} e6 {[%emt 0:00:11]} 3. Nf3 {[%emt 0:00:00]} Be7 {[%emt 0:00:34]} 4. g3 {[%emt 0:00:00]} Nf6 {[%emt 0:00:36]} 5. Bg2 {[%emt 0:00:15]} O-O {[%emt 0:00:24]} 6. O-O {[%emt 0:01:34]} b6 {[%emt 0:04:29]} 7. cxd5 {[%emt 0:02:04]} exd5 {[%emt 0:01:50]} 8. Nc3 {[%emt 0:00:06]} Bb7 {[%emt 0:01:32]} 9. Ne5 {[%emt 0:00:12]} Nbd7 {[%emt 0:01:36]} 10. Qa4 {[%emt 0:00:07]} Nb8 {[%emt 0:13:52]} 11. Bg5 {[%emt 0:08:20]} c6 {[%emt 0:12:46]} 12. Rfd1 {[%emt 0:13:02]} Nfd7 {[%emt 0:21:49]} 13. Bxe7 {[%emt 0:14:01]} Qxe7 {[%emt 0:00:24]} 14. Nxd7 {[%emt 0:01:14]} Nxd7 {[%emt 0:03:46]} 15. e4 {[%emt 0:01:37]} dxe4 {[%emt 0:06:46]} 16. Bxe4 {[%emt 0:03:07]} Rfc8 {[%emt 0:02:08]} 17. Re1 {[%emt 0:11:10]} Qd8 {[%emt 0:04:06]} 18. Bg2 {[%emt 0:16:23]} Nf6 {[%emt 0:01:23]} 19. Re5 {[%emt 0:01:29]} Rc7 {[%emt 0:07:52]} 20. Rae1 {[%emt 0:09:49]} h6 {[%emt 0:07:11]} 21. R5e3 {[%emt 0:06:25]} Rd7 {[%emt 0:02:42]} 22. Qb3 {[%emt 0:04:11]} Qf8 {[%emt 0:01:59]} 23. Qc4 {[%emt 0:02:10]} Rad8 {[%emt 0:01:19]} 24. Ne2 {[%emt 0:01:41]} c5 {[%emt 0:05:08]} 25. dxc5 {[%emt 0:01:31]} Bxg2 {[%emt 0:00:26]} 26. Kxg2 {[%emt 0:00:20]} Qxc5 {[%emt 0:00:20]} 27. Qxc5 {[%emt 0:01:45]} bxc5 {[%emt 0:00:02]} 28. Nc3 {[%emt 0:00:52]} Rd2 {[%emt 0:01:12]} 29. R1e2 {[%emt 0:00:36]} Kf8 {[%emt 0:00:46]} 30. h3 {[%emt 0:03:03]} a6 {[%emt 0:02:05]} 31. Kf1 {[%emt 0:04:07]} c4 {[%emt 0:02:27]} 32. Re5 {[%emt 0:01:06]} g6 {[%emt 0:02:54]} 33. Rc5 {[%emt 0:02:24]} R2d4 {[%emt 0:00:44]} 34. Rc6 {[%emt 0:01:30]} R8d6 {[%emt 0:00:15]} 35. Rc8+ {[%emt 0:00:33]} Kg7 {[%emt 0:00:59]} 36. Re7 {[%emt 0:00:34]} Nd5 {[%emt 0:00:32]} 37. Nxd5 {[%emt 0:00:31]} R6xd5 {[%emt 0:00:05]} 38. Re2 {[%emt 0:00:32]} a5 {[%emt 0:01:10]} 39. Rc2 {[%emt 0:00:26]} Rb5 {[%emt 0:00:16]} 40. Ke2 {[%emt 0:00:32]} Kf6 {[%emt 0:00:29]} 41. Rc6+ {[%emt 0:00:41]} Ke7 {[%emt 0:06:09]} 42. Ke3 {[%emt 0:07:48]} Rd3+ {[%emt 0:01:36]} 43. Ke2 {[%emt 0:00:31]} Rd4 {[%emt 0:00:14]} 44. Ke3 {[%emt 0:00:05]} Rd3+ {[%emt 0:00:06]} 45. Ke2 {[%emt 0:00:07]} 1/2-1/2

[Event "BL 2018-19"]
[Site "Berlin"]
[Date "2019.03.01"]
[Round "9.17"]
[White "Mamedyarov, Shakhriyar"]
[Black "Shankland, Samuel"]
[Result "1-0"]
[WhiteElo "2790"]
[BlackElo "2724"]
[Annotator "TA"]
[PlyCount "119"]
[EventDate "2018.11.10"]
[EventType "team-tourn"]
[EventCountry "GER"]
[SourceTitle "playchess.com"]
[Source "ChessBase"]
[SourceQuality "1"]
[WhiteTeam "Viernheim"]
[BlackTeam "Hockenheim"]

{[%evp 13,119,22,23,14,19,17,16,-5,53,47,66,8,39,22,29,37,23,23,26,41,33,39,21,36,38,29,27,37,37,26,51,49,46,39,25,17,24,24,27,28,24,5,5,8,16,3,14,10,56,19,19,20,16,19,27,5,51,22,31,8,63,65,72,88,175,167,205,188,328,318,290,327,329,302,318,291,299,264,312,278,330,327,305,321,306,290,304,137,570,561,1134,1136,1132,1051,1066,1055,2379,2354,1796,1841,1905,1485,29973,29972,29981,29970,29983,29984]} 1. d4 d5 2. c4 c6 3. Nc3 Nf6 4. e3 a6 5. Qc2 e6 6. Nf3 c5 7. cxd5 exd5 8. Be2 {D45: Semi-Slav: 5 e3} Nc6 9. O-O Be6 10. Ne5 {The position is equal.} Qc7 ({Better is} 10... Rc8 $11) 11. Nxc6 $14 bxc6 12. e4 (12. dxc5 $14 Bxc5 13. b3) 12... dxe4 $146 ({Predecessor:} 12... cxd4 13. Nxd5 Nxd5 14. exd5 Bxd5 15. Re1 Be7 16. Bc4 Bxc4 17. Qxc4 O-O 18. Qxd4 Bf6 {½-½ (18) Martinovic,S (2519)-Michalik,P (2578) Slovakia 2015}) 13. Nxe4 Nxe4 14. Qxe4 Bd6 15. Bf3 O-O 16. Qxc6 Bxh2+ 17. Kh1 {Threatens to win with Qxc7.} Qxc6 18. Bxc6 Rac8 19. Bb7 Rb8 20. Bxa6 Bd6 21. d5 Bxd5 22. Rd1 Rb6 23. Rxd5 Rxa6 24. Be3 Rc8 25. Rc1 Be7 26. a3 h6 27. Kg1 Rb8 28. Rc2 Rb3 29. Kf1 Rab6 30. Rd7 Re6 31. Rdd2 Reb6 32. Ke2 Rb7 33. Kd1 R3b5 34. Kc1 h5 35. Kb1 h4 36. Ka2 Kh7 (36... g5 $11) 37. Rd5 {[%cal Re3c5]} Bf6 38. Bc1 Be7 {[#]} (38... Rc7 $16 {keeps fighting.}) 39. Bg5 $1 $18 Bxg5 40. Rxg5 {[%mdl 4096] Endgame KRR-KRR} Kh6 (40... Rc7 $142 41. Rh5+ Kg6 42. Rxh4 Rd7) 41. Rgxc5 Rb3 42. R5c3 R3b5 43. b4 {[%cal Bb2b4,Bb4b5][%mdl 32]} g5 44. Rc6+ Kh5 45. Kb3 g4 46. R6c4 f5 47. a4 Rd5 48. b5 Kg5 49. Rc8 Rd3+ 50. Kc4 (50. R2c3 $18 {is more deadly.} Rxc3+ 51. Kxc3 (51. Rxc3 Kf6 $16)) 50... Ra3 $2 {[%mdl 8192] [#]} (50... Rd1 $16) 51. Kb4 Ra1 52. Rc1 Ra2 53. R8c2 Rxc2 54. Rxc2 {KR-KR} h3 55. gxh3 gxh3 56. a5 {[%cal Ba4a5,Ba5a6][%mdl 32]} Rh7 57. Rc1 h2 58. Rh1 {White mates.} Kf4 59. a6 Kf3 60. b6 {Accuracy: White = 63%, Black = 47%.} 1-0

[Event "BL 2018-19"]
[Site "Berlin"]
[Date "2019.03.01"]
[Round "9.17"]
[White "Salgado Lopez, Ivan"]
[Black "Grandelius, Nils"]
[Result "1/2-1/2"]
[WhiteElo "2624"]
[BlackElo "2678"]
[Annotator "ChessBase"]
[PlyCount "55"]
[EventDate "2018.11.10"]
[EventType "team-tourn"]
[EventCountry "GER"]
[SourceTitle "playchess.com"]
[Source "ChessBase"]
[SourceQuality "1"]
[WhiteTeam "Kiel"]
[BlackTeam "Hamburg SK"]
[TimeControl "40/6000+30:3000+30"]

1. d4 d5 {[%emt 0:03:00]} 2. c4 {[%emt 0:00:00]} e6 {[%emt 0:00:22]} 3. Nc3 {[%emt 0:00:00]} a6 {[%emt 0:00:58]} 4. cxd5 {[%emt 0:00:22]} exd5 {[%emt 0:00:06]} 5. Nf3 {[%emt 0:00:08]} h6 {[%emt 0:01:23]} 6. Bf4 {[%emt 0:00:33]} Nf6 {[%emt 0:01:30]} 7. e3 {[%emt 0:00:28]} Bd6 {[%emt 0:00:08]} 8. h3 {[%emt 0:00:17]} Bxf4 {[%emt 0:05:27]} 9. exf4 {[%emt 0:00:12]} O-O {[%emt 0:00:05]} 10. Bd3 {[%emt 0:00:21]} Re8+ {[%emt 0:00:08]} 11. Ne2 {[%emt 0:01:13]} c5 {[%emt 0:05:05]} 12. dxc5 {[%emt 0:05:38]} Qa5+ {[%emt 0:00:53]} 13. Qd2 {[%emt 0:02:50]} Qxc5 {[%emt 0:00:16]} 14. Rc1 {[%emt 0:05:56]} Qb6 {[%emt 0:00:48]} 15. O-O {[%emt 0:00:50]} Nc6 {[%emt 0:02:28]} 16. Bb1 {[%emt 0:18:21]} Bd7 {[%emt 0:12:52]} 17. b3 {[%emt 0:08:41]} Rad8 {[%emt 0:09:03]} 18. Ned4 Ne4 {[%emt 0:02:53]} 19. Qb2 {[%emt 0:13:11]} Nxd4 {[%emt 0:15:55]} 20. Qxd4 {[%emt 0:02:21]} Qxd4 {[%emt 0:00:09]} 21. Nxd4 {[%emt 0:00:09]} Rc8 {[%emt 0:00:10]} 22. f3 {[%emt 0:13:32]} Nc3 {[%emt 0:04:38]} 23. Kf2 Kf8 {[%emt 0:08:26]} 24. Rfe1 {[%emt 0:08:53]} Rxe1 {[%emt 0:03:27]} 25. Kxe1 {[%emt 0:03:31]} Nxb1 {[%emt 0:02:18]} 26. Rxb1 {[%emt 0:00:13]} Ke7 {[%emt 0:00:03]} 27. Kd2 {[%emt 0:01:36]} Kd6 28. Re1 {[%emt 0:07:02] Ke5} 1/2-1/2

[Event "BL 2018-19"]
[Site "Berlin"]
[Date "2019.03.01"]
[Round "9.18"]
[White "Vitiugov, Nikita"]
[Black "Kryvoruchko, Yuriy"]
[Result "1/2-1/2"]
[WhiteElo "2719"]
[BlackElo "2698"]
[Annotator "RC"]
[PlyCount "59"]
[EventDate "2018.11.10"]
[EventType "team-tourn"]
[EventCountry "GER"]
[SourceTitle "playchess.com"]
[Source "ChessBase"]
[SourceQuality "1"]
[WhiteTeam "Hockenheim"]
[BlackTeam "Viernheim"]
[TimeControl "40/6000+30:3000+30"]

1. c4 {[%emt 0:00:00]} Nf6 {[%emt 0:00:00]} 2. Nc3 {[%emt 0:00:01]} e5 {[%emt 0:00:00]} 3. Nf3 {[%emt 0:00:08]} Nc6 {[%emt 0:00:00]} 4. e3 {[%emt 0:00:26]} Bb4 {[%emt 0:00:28]} 5. Qc2 {[%emt 0:00:12]} Bxc3 {[%emt 0:00:42]} 6. Qxc3 {[%emt 0:03:04]} Qe7 {[%emt 0:00:22]} 7. Be2 {[%emt 0:00:20]} O-O {[%emt 0:03:54]} 8. d4 {[%emt 0:00:39]} Ne4 {[%emt 0:02:03]} 9. Qc2 {[%emt 0:04:27]} exd4 {[%emt 0:00:07]} 10. exd4 {[%emt 0:00:54]} Qb4+ {[%emt 0:18:45]} 11. Bd2 {[%emt 0:04:03]} Nxd2 {[%emt 0:00:10]} 12. Qxd2 {[%emt 0:00:03]} Qxd2+ {[%emt 0:07:49]} 13. Kxd2 {[%emt 0:00:15]} d6 {[%emt 0:00:03]} 14. h3 {[%emt 0:13:03]} Bd7 {[%emt 0:03:34]} 15. Rhe1 {[%emt 0:03:26]} Rfe8 {[%emt 0:02:05]} 16. Bd3 {[%emt 0:03:02]} Rxe1 {[%emt 0:09:04]} 17. Rxe1 {[%emt 0:00:19]} Re8 {[%emt 0:00:04]} 18. Rc1 {[%emt 0:12:04]} Ne7 19. b4 a6 {[%emt 0:17:21]} 20. Rc3 {[%emt 0:12:10]} c6 {[%emt 0:04:48]} 21. a4 {[%emt 0:04:43]} f6 {[%emt 0:03:40]} 22. Ra3 {[%emt 0:09:16]} Be6 {[%emt 0:05:39]} 23. Ne1 {[%emt 0:03:43]} Kf7 {[%emt 0:04:40]} 24. Nc2 {[%emt 0:01:46]} Ra8 {[%emt 0:00:20]} 25. Na1 {[%emt 0:05:03]} a5 {[%emt 0:03:30]} 26. bxa5 {[%emt 0:01:47]} Rxa5 {[%emt 0:00:08]} 27. Nb3 {[%emt 0:00:16]} Ra7 {[%emt 0:01:57]} 28. Kc3 {[%emt 0:01:36]} b6 {[%emt 0:01:36]} 29. a5 {[%emt 0:05:46]} c5 {[%emt 0:02:40]} 30. Be4 {[%emt 0:11:51]} 1/2-1/2

[Event "BL 2018-19"]
[Site "Berlin"]
[Date "2019.03.01"]
[Round "9.18"]
[White "Huschenbeth, Niclas"]
[Black "Khenkin, Igor"]
[Result "1/2-1/2"]
[WhiteElo "2586"]
[BlackElo "2546"]
[Annotator "TA"]
[PlyCount "42"]
[EventDate "2018.11.10"]
[EventType "team-tourn"]
[EventCountry "GER"]
[SourceTitle "playchess.com"]
[Source "ChessBase"]
[SourceQuality "1"]
[WhiteTeam "Hamburg SK"]
[BlackTeam "Kiel"]

{[%evp 9,42,27,20,21,21,15,18,13,23,5,18,24,34,24,46,28,22,16,27,20,29,0,0,0,0,0,0,0,0,0,8,0,-17,-7,0]} 1. e4 c6 2. d4 d5 3. e5 c5 4. dxc5 e6 5. a3 Bxc5 6. Nf3 {B12: Caro-Kann: Advance Variation} Ne7 7. b4 (7. Bd3 Ng6 8. O-O O-O 9. Nbd2 Nc6 10. b4 Bb6 11. Bxg6 fxg6 12. Nb3 Bd7 13. Re1 {1-0 (29) Anand,V (2773)-Mamedyarov,S (2817) Wijk aan Zee 2019}) 7... Bb6 8. Bb2 a5 9. Nbd2 axb4 10. axb4 Rxa1 11. Qxa1 Na6 $146 ({Predecessor:} 11... O-O 12. Be2 Na6 13. Qa3 {½-½ (42) Olofsson,D (2555)-Holroyd,K (2529) GER email 2015}) 12. Qa3 O-O 13. Bd3 Ng6 14. h4 Nf4 15. Bxa6 (15. Bf1 {with more complications.} Qe7 16. b5 Qxa3 17. Bxa3 Nc5 18. h5) 15... bxa6 {The position is equal.} 16. g3 $36 {[%mdl 2048] White is more active.} Ng6 17. h5 Ne7 18. h6 g6 19. Bd4 Nc6 20. Qe3 Nxd4 21. Nxd4 Bd7 {Accuracy: White = 74%, Black = 58%.} 1/2-1/2

[Event "BL 2018-19"]
[Site "Berlin"]
[Date "2019.03.01"]
[Round "9.19"]
[White "Amin, Bassem"]
[Black "Cheparinov, Ivan"]
[Result "1/2-1/2"]
[WhiteElo "2709"]
[BlackElo "2709"]
[Annotator "ChessBase"]
[PlyCount "126"]
[EventDate "2018.11.10"]
[EventType "team-tourn"]
[EventCountry "GER"]
[SourceTitle "playchess.com"]
[Source "ChessBase"]
[SourceQuality "1"]
[WhiteTeam "Viernheim"]
[BlackTeam "Hockenheim"]
[TimeControl "40/6000+30:3000+30"]

1. e4 c5 2. Nf3 {[%emt 0:00:30]} d6 {[%emt 0:00:00]} 3. Bb5+ {[%emt 0:00:38]} Nd7 {[%emt 0:00:00]} 4. O-O {[%emt 0:00:30]} a6 {[%emt 0:00:00]} 5. Bd3 {[%emt 0:00:06]} Ngf6 6. Re1 {[%emt 0:00:02]} e6 {[%emt 0:00:18]} 7. c3 {[%emt 0:00:11]} b5 {[%emt 0:00:10]} 8. Bc2 {[%emt 0:00:30]} c4 {[%emt 0:00:06]} 9. a4 {[%emt 0:01:18]} Bb7 {[%emt 0:00:30]} 10. d4 {[%emt 0:00:30]} cxd3 {[%emt 0:00:00]} 11. Qxd3 {[%emt 0:00:00]} Nc5 {[%emt 0:00:00]} 12. Qe2 {[%emt 0:00:09]} bxa4 {[%emt 0:00:01]} 13. Be3 {[%emt 0:00:16]} Nfd7 {[%emt 0:07:44]} 14. Bxc5 {[%emt 0:00:13]} Nxc5 {[%emt 0:03:16]} 15. Rxa4 {[%emt 0:00:30]} Be7 {[%emt 0:00:30]} 16. Rd4 {[%emt 0:04:51]} Qc7 {[%emt 0:24:54]} 17. e5 {[%emt 0:00:30]} d5 {[%emt 0:00:30]} 18. Nbd2 {[%emt 0:00:30]} a5 {[%emt 0:00:30]} 19. Rg4 {[%emt 0:00:30]} Ba6 {[%emt 0:00:30]} 20. Qe3 {[%emt 0:00:30]} g6 {[%emt 0:00:30]} 21. Nd4 {[%emt 0:00:30]} Rb8 {[%emt 0:00:30]} 22. b3 {[%emt 0:00:30]} Nd7 {[%emt 0:00:30]} 23. Rg3 {[%emt 0:00:30]} Rc8 {[%emt 0:00:30]} 24. Rf3 {[%emt 0:00:30]} Bc5 {[%emt 0:00:30]} 25. Qf4 {[%emt 0:00:30]} Rf8 {[%emt 0:00:30]} 26. Rfe3 {[%emt 0:00:30]} g5 {[%emt 0:00:30]} 27. Qg4 {[%emt 0:00:30]} h5 {[%emt 0:00:30]} 28. Qxh5 {[%emt 0:00:30]} Bxd4 {[%emt 0:00:30]} 29. cxd4 {[%emt 0:00:30]} Qxc2 {[%emt 0:00:30]} 30. Nf3 {[%emt 0:00:30]} Qg6 {[%emt 0:00:30]} 31. Qxg6 {[%emt 0:00:30]} fxg6 {[%emt 0:00:30]} 32. Nxg5 {[%emt 0:00:30]} Ke7 {[%emt 0:00:30]} 33. Rh3 {[%emt 0:00:30]} Rh8 {[%emt 0:00:30]} 34. Rf3 {[%emt 0:00:30]} Rhf8 {[%emt 0:00:30]} 35. Rh3 {[%emt 0:00:30]} Rh8 {[%emt 0:00:30]} 36. Rf3 {[%emt 0:00:30]} Rh5 {[%emt 0:00:30]} 37. h4 {[%emt 0:00:30]} Rf8 {[%emt 0:00:30]} 38. Rxf8 {[%emt 0:00:30]} Nxf8 {[%emt 0:00:30]} 39. g3 {[%emt 0:00:30]} Nd7 {[%emt 0:00:30]} 40. Rc1 {[%emt 0:00:30]} a4 {[%emt 0:00:30]} 41. bxa4 {[%emt 0:50:30]} Bc4 {[%emt 0:50:30]} 42. Rc3 {[%emt 0:00:30]} Rh8 {[%emt 0:00:30]} 43. Rf3 {[%emt 0:00:30]} Rf8 {[%emt 0:00:30]} 44. Rxf8 {[%emt 0:00:30]} Nxf8 {[%emt 0:00:30]} 45. g4 {[%emt 0:00:30]} Nd7 {[%emt 0:00:30]} 46. f3 {[%emt 0:00:30]} Nb8 {[%emt 0:00:30]} 47. h5 {[%emt 0:00:30]} gxh5 {[%emt 0:00:30]} 48. gxh5 {[%emt 0:00:30]} Nc6 {[%emt 0:00:30]} 49. h6 {[%emt 0:00:30]} Kf8 {[%emt 0:00:30]} 50. Nxe6+ {[%emt 0:00:30]} Kg8 {[%emt 0:00:30]} 51. f4 {[%emt 0:00:30]} Bd3 {[%emt 0:41:41]} 52. Kf2 {[%emt 0:50:49]} Bf5 {[%emt 0:00:17]} 53. Nc7 {[%emt 0:10:00]} Nxd4 {[%emt 0:00:53]} 54. Nxd5 {[%emt 0:03:15]} Kh7 {[%emt 0:00:30]} 55. Ne7 {[%emt 0:00:30]} Bd7 {[%emt 0:01:06]} 56. a5 {[%emt 0:01:11]} Bb5 {[%emt 0:08:11]} 57. f5 {[%emt 0:04:46]} Kxh6 {[%emt 0:06:46]} 58. f6 {[%emt 0:05:14]} Nb3 {[%emt 0:00:54]} 59. Ke3 {[%emt 0:03:17]} Nxa5 60. e6 {[%emt 0:00:31]} Be8 {[%emt 0:02:12]} 61. Kd4 {[%emt 0:00:30]} Nb7 {[%emt 0:02:18]} 62. Ke5 {[%emt 0:05:47]} Nd8 {[%emt 0:00:56]} 63. Nd5 {[%emt 0:08:00]} Kg6 {[%emt 0:00:07]} 1/2-1/2